LEADER 00879nam a2200217 u 4500 001 000000059482 003 CaOOAMICUS 005 20070226120815.0 008 010702s1913 it u000 u ita u 035 $a10894769 040 $aPUL(R)$bita 100 1 $aSuali, Luigi.$0(OLS)http://pul/name/41018 245 10$aIntroduzione allo studio della filosofia indiana /$cLuigi Suali. 260 $aPavia :$bMattei & C.,$c1913. 300 $axvi, 478 p. ;$c22 cm 650 4$aFilosofia indiana.$0(OLS)http://pul/subject/5968 850 $aPUL 852 $aPUL$W1$xSL Filosofia 2$y80$mPhil D4 86$j77553$nBK-PRI$b $qStampati altre collocazioni$B77553$CPULBib$Z2$F77553 $H $81 941 1 $a10 996 $6245$aIntroduzione allo studio della filosofia indiana$9(OLS)http://pul/title/79638 996 $6260$aPavia :$bMattei & C.$9(OLS)http://pul/publisher/49388 LEADER 01352nam a2200337 u 4500 001 000000076258 003 CaOOAMICUS 005 20070226123206.0 008 031117s1993 fr u000 u fre u 020 $a2711611787 035 $a10976495 040 $aPUL(R)$bita 041 1 $afre$hlat 100 1 $aDuns Scotus, Iohannes,$cb.,$d1266-1308.$0(OLS)http://pul/name/2839 245 12$aL'image /$cDuns Scot ; introduction, traduction, et notes par Gérard Sondag. 260 $aParis :$bVrin,$c1993. 300 $a269 p. ;$c21 cm 490 1 $aBibliothèque des textes philosophiques 500 $aComprende indici. 504 $aBibliografia: p. [253]-259. 650 4$aPsicologia e filosofia.$0(OLS)http://pul/subject/10167 650 4$aConoscenza.$0(OLS)http://pul/subject/6941 700 1 $aSondag, Gérard.$0(OLS)http://pul/name/50722 830 0$aBibliothèque des textes philosophiques.$0(OLS)http://pul/title/6498 850 $aPUL 852 $aPUL$W1$xSL Filosofia 1$y2$m97 D 59$j97997$nBK-PRI$b $qStampati$B97997$CPULBib$Z2$F97997 $H92021 $81 900 $aScoto, Giovanni Duns,$cb.,$d1266-1308$92839 941 1 $a8 996 $6020$a2711611787$9(OLS)http://pul/number/99932 996 $6245$aL'image$9(OLS)http://pul/title/100037 996 $6260$aParis :$bVrin$9(OLS)http://pul/publisher/50780